|
|
|
|
| LEADER |
00780nam a2200205 a 4500 |
| 001 |
4075939 |
| 008 |
100116s1970 cau b 001 0 eng d |
| 010 |
|
|
|a 71113403
|
| 040 |
|
|
|a DLC
|c DLC
|d DLC
|d BD-DhAAL
|
| 082 |
0 |
0 |
|a 301.15
|
| 100 |
1 |
|
|a Egan, Gerard.
|
| 245 |
1 |
0 |
|a Encounter; group processes for interpersonal growth /
|c Gerard Egan.
|
| 260 |
|
|
|a Belmont, Calif. :
|b Brooks/Cole Pub. Co.,
|c 1970
|
| 300 |
|
|
|a 424 p. ;
|c 23 cm.
|
| 504 |
|
|
|a Bibliography: p. 373-411.
|
| 541 |
1 |
|
|e 00000987
|
| 650 |
|
0 |
|a Group relations training.
|
| 852 |
4 |
|
|a Ayesha Abed Library
|j General Shelf.
|
| 999 |
|
|
|c 7018
|d 7018
|
| 952 |
|
|
|0 0
|1 0
|2 ddc
|4 0
|6 301_150000000000000_EGA_1970
|7 0
|9 7272
|a BRACUL
|b BRACUL
|c GEN
|d 2010-01-17
|g 0.00
|l 0
|o 301.15 EGA
|p 3010000987
|r 2010-01-17
|t 1
|w 2010-01-17
|y BK
|z Not price in Register
|